02808nam a2200301 a 450000100100000000500170001000800410002704000250006808200260009310000420011924501040016126000710026530000200033649000120035650000640036850513080043259000260174065000280176665000530179465000590184771000610190683000190196791000370198695201970202395201300222095201390235099900170248900001399420251120073732.0091202s1982 dr 001 0 spa d aDO-SdBNPbspacBNPHU aRD864.44bR789e, 19821 aRosario Candelier, Bruno,d1941-985110aEnsayos críticos :banálisis de textos dominicanos contemporáneos /cBruno Rosario Candelier. aSantiago de los Caballeros, República Dominicana :bUCMM,c1982. a301 p ;c22 cm.1 aEstudio aIncluye datos biográficos del autor en la contracubierta.0 gIntroducción --tI.- La naturaleza de la literatura --tLa crítica literaria --tProblemas de la interpretación literaria --tLa literatura comprometida --tLiteratura, ideología y sociedad --tMovimientos estéticos y dialéctica literaria --tCrítica, gusto y objetividad --tCrítica, teoría y creación --tLenguaje, poesía y creación --tLenguaje primario vs. metalenguaje --tSignificado y significante --tArte, lenguaje y ocultación --tProblemas lingüísticos del escritor --tEntre tradición y novedad --tII.- La poesía de Emilio García-Godoy --t"Melancolía" un poema de Moreno Jimenes --tEn torno a Yelidá, de Tomás Hernández Franco --tEl reclamo profundo de Manuel del Cabral --tHay un país en el mundo (Evocación de Pedro Mir) --tSwain o la observación creadora en Aída Cartagena --tPor los Mares de la Dama, de Manuel Rueda --tLa visión trascendente en Banquetes de aflicción --tEnrique Eusebio: consignas y subvenciones --tLa mujer de Juan Bosch --tTon, terror de clase y expresión --tEl oro y la paz, de Juan Bosch --tSignificación de Juego de Dominó de Manuel Mora Serrano --tTécnica y temática en "Escalera para Electra" --tCrítica y teoría de Diógenes Céspedes (a propósito de Escritos críticos). aInventariado, 2019/VM 0aEnsayos dominicanos965 4aLiteratura dominicanaxHistoria y crítica9159 4aAutores dominicanosxCrítica e interpretación91582 aPontificia Universidad Católica Madre y Maestra 9843 0aEstudio911006 aValidado. Control de calidad EMS 0010718PDaPDbPDcHDd2009-12-02iLF1l0oRD864.44 R789e, 1982p13994-10r2020-06-25w2020-06-25yLFPDzPerteneció a la biblioteca personal de Juan Isidro Jimenes Grullón.ZNo se presta 0010718PDaPDbPDcHDd2011-05-31iLF1l0oRD864.44 R789e, 1982p13994-20r2020-06-25te. 2w2020-06-25yLFPDZNo se presta 001054708DSaPDbPDcHDd2015-04-24iLF1l0oRD864.44 R789e, 1982p13994-30r2020-06-25te. 3w2020-06-25yLFDSZPréstamo en sala c13598d13598